| 000 | 02039nam a2200265Ia 4500 | ||
|---|---|---|---|
| 999 |
_c55453 _d55453 |
||
| 001 | 22535 | ||
| 003 | GE_BSU | ||
| 005 | 20220920100318.0 | ||
| 008 | 181216s2013||||ge |||||||||||||| ||geo|| | ||
| 040 | _cGE_BSU | ||
| 041 | _ageo | ||
| 080 | _a61 ს-97 | ||
| 100 |
_aსუხიშვილი, ეკატერინე _911634 |
||
| 245 |
_aკალციტონინის გენთან დაკავშირებული პეპტიდის როლი მაკე ვირთაგვებში არტერიული წნევის რეგულაციის, ნაყოფის ზრდის და გადარჩენის პროცესში : დისერტაცია / _cეკატერინე სუხიშვილი; სამეცნიერო ხელმძღვანელი გურამ ბექაია, ნოდარ მითაგვარია; თბილისის სეხელმ.სამედიცინო უნ–ტი. |
||
| 264 |
_aთბილისი, _c2013. |
||
| 300 |
_a164 გვ. ; _b23 სმ. |
||
| 504 | _aბიბლ.გვ.139-158 | ||
| 653 | _aკალციტონინის გენთან დაკავშირებული პეპტიდის როლი მაკე ვირთაგვებში არტერიული წნევის რეგულაციის, ნაყოფის ზრდის და გადარჩენის პროცესში | ||
| 653 | _aმედიცინა | ||
| 653 | _aდისერტაცია | ||
| 700 |
_aბექაია, გურამ _eსამეცნიერო ხელმძღვანელი _91690 |
||
| 700 |
_aმითაგვარია, ნოდარ _eსამეცნიერო ხელმძღვანელი _911635 |
||
| 710 |
_aთბილისის სეხელმ.სამედიცინო უნ–ტი _911636 |
||
| 942 |
_cBK _2udc |
||